00930cam a22002414a 4500001000800000005001700008008004100025020002200066050002200088082001900110100001800129245006500147250001200212260003100224300004800255650003000303700002800333856008800361856007400449942002400523999001500547952012600562452276820241213123735.0990614s1999 nyua b 001 0 eng  a0471330612 (pbk.)00aQH442b.S775 199900a611/.018162211 aStrachan, Tom10aHuman molecular genetics /cTom Strachan and Andrew P. Read. a2nd ed. aNew York :bWiley,cc1999. axxiii, 576 p. :bill. (some col.) ;c28 cm. 0aHuman molecular genetics.1 aRead, Andrew P.,d1939-423Publisher descriptionuhttp://www.loc.gov/catdir/description/wiley035/99036373.html4 3Table of Contentsuhttp://www.loc.gov/catdir/toc/onix06/99036373.html 2lcccBKe2nd ed.n0 c2143d2143 00102lcc40708NFICaMSLbMSLcGENd2024-12-13l0oQH442 .S775 STRpSLM00001316r2024-12-13 12:38:26t1w2024-12-13yBK